|
|
|
|
| LEADER |
00000nam0a2200000 4500 |
| 001 |
41515 |
| 005 |
20231031014350.0 |
| 010 |
|
|
|a 5060001458
|
| 035 |
|
|
|a (RuTPU)RU\TPU\book\42641
|
| 090 |
|
|
|a 41515
|
| 100 |
|
|
|a 20020621d1989 m y0rusy50 ca
|
| 101 |
0 |
|
|a rus
|
| 102 |
|
|
|a RU
|
| 105 |
|
|
|a a j 001zy
|
| 200 |
1 |
|
|a Задачник по гидравлике, гидромашинам и гидроприводу
|e учебное пособие для вузов
|f Б. Б. Некрасов, И. В. Фатеев, Ю. А. Беленков и др.
|g Под ред. Б. Б. Некрасова
|
| 210 |
|
|
|a Москва
|c Высшая школа
|d 1989
|
| 215 |
|
|
|a 192 с.
|c ил.
|
| 300 |
|
|
|a Авт. указ. на обороте тит. л.
|
| 320 |
|
|
|a Библиогр.: с. 190.
|
| 330 |
|
|
|a В учебное пособие включены задачи для практических занятий, экзаменов, олимпиад; задания на расчетно-графические и курсовые работы; справочные материалы для решения задач и выполнения заданий по курсу "Гидравлика, гидромашины и гидроприводы". Задачи носят конкретный технический характер и связаны с расчетом элементов и систем гидроприводов и гидроавтоматики.
|
| 610 |
1 |
|
|a физика
|
| 610 |
1 |
|
|a гидравлика
|
| 610 |
1 |
|
|a гидромашины
|
| 610 |
1 |
|
|a гидропривод
|
| 610 |
1 |
|
|a задачи
|
| 610 |
1 |
|
|a практические пособия
|
| 610 |
1 |
|
|a учебные пособия
|
| 675 |
|
|
|a 532(076)
|v 3
|
| 675 |
|
|
|a 621.22(076)
|v 3
|
| 675 |
|
|
|a 62-82(076)
|v 3
|
| 701 |
|
1 |
|a Некрасов
|b Б. Б.
|g Борис Борисович
|
| 701 |
|
1 |
|a Фатеев
|b И. В.
|g Игорь Владимирович
|
| 701 |
|
1 |
|a Беленков
|b Ю. А.
|g Юрий Александрович
|
| 701 |
|
1 |
|a Михайлин
|b А. А.
|g Александр Александрович
|
| 701 |
|
1 |
|a Суздальцев
|b В. Е.
|g Владимир Евгеньевич
|
| 701 |
|
1 |
|a Шейпак
|b А. А.
|g Анатолий Александрович
|
| 702 |
|
1 |
|a Некрасов
|b Б. Б.
|g Борис Борисович
|4 340
|
| 801 |
|
1 |
|a RU
|b 63413507
|c 20020621
|g PSBO
|
| 801 |
|
2 |
|a RU
|b 63413507
|c 20210201
|g PSBO
|
| 942 |
|
|
|c BK
|